Statistiken für Liedtext - M&F - Die Ärzte

Klicken Sie hier um das Quiz zu spielen!

Allgemein

  • Dieses Quiz wurde 567 mal gespielt
    (485 seit der letzten Aktualisierung)
  • Das Durchschnittsergebnis liegt bei 175 aus 224

Antwortstatistiken

Textquiz% Korrekt
Man
100%
man
100%
Da
99%
Männer
99%
Frauen
98%
und
98%
Und
98%
das
97%
Das
97%
die
97%
sie
97%
Sie
97%
sich
96%
sind
95%
Wie
95%
wie
95%
Grauen
94%
nackte
94%
in
93%
In
93%
schauen
92%
an
91%
Augen
91%
den
91%
ihre
91%
klauen
91%
der
90%
Liebe
90%
anderen
88%
stundenlang
88%
ist
87%
Ist
87%
so
87%
tief
87%
zu
87%
lieben
86%
nichts
84%
normal
82%
sieht
82%
genau
81%
gibt's
81%
kauen
81%
Kaugummi
81%
Manche
81%
Frust
80%
abbauen
78%
ihren
78%
Haus
77%
Denn
76%
nach
76%
trauen
76%
Dass
75%
nur
75%
am
74%
bedauern
74%
gern
74%
Nacht
74%
niemals
74%
bauen
73%
im
73%
Im
73%
staunen
73%
wenn
73%
Wenn
73%
meisten
72%
gegenseitig
71%
Häuser
70%
mit
70%
versauen
70%
werden
70%
Wochenende
69%
Auf
68%
es
66%
kann
65%
Blick
64%
dann
64%
doch
64%
Frühling
64%
sowieso
64%
bis
63%
gerne
63%
heißem
63%
lieber
63%
mir
63%
zuzutrauen
63%
Republik
62%
wieder
62%
Winter
62%
zum
62%
abhauen
61%
einfach
61%
Herren
61%
Männern
61%
moderne
61%
alles
60%
Damen
60%
Morgengrauen
60%
Tanzflächen
60%
allein
59%
bei
59%
frisch
59%
Sportlich
59%
Darum
58%
erlaubt
58%
gehen
58%
schlimm
58%
besonders
57%
durch
57%
gestrichene
57%
noch
57%
sehen
57%
Stadtpark
57%
zerren
57%
Krieg
56%
Büschen
55%
Eine
55%
Ich
55%
ist's
55%
schmachten
55%
Arbeit
54%
Hormone
54%
kaum
54%
Menschen
54%
Nachts
54%
nennen
54%
würde
54%
als
53%
liegen
53%
schon
53%
Hier
52%
mittags
52%
Beleuchtung
51%
eben
50%
erwachsener
50%
glaubt
50%
mancher
50%
Nation
50%
sagen
50%
Von
50%
dimmen
49%
Schwärmer
49%
Romantische
48%
interessanter
47%
Balzverhalten
46%
Botoxmaske
45%
Brusthaartoupet
34%
Stangenfieber
33%

Verteilung der Resultate

Perzentil nach korrekt beantworteten Fragen

Anzahl Personen mit jedem Resultat

Ihre Resultats-Entwicklung

Sie haben dieses Quiz seit der letzten Aktualisierung nicht gespielt